01030nam a22002417a 450000500170000001000130001702000110003003500130004103700160005404000120007008200170008210000240009924502190012324600060034226000360034827000530038430000280043765000810046565000640054694200260061099900190063695201330065520170124110224.0 aA-459676 c175.00 aA-459676 bCen Lib/Ret aDPLbEN a345.456bVER aVerma, R. S.940359 aDelhi muncipals digest :cby R. S. Vermab containing cases under Delhi Municipal Corporation Act, 1957, Punjab Municipal Act, 1911, and Delhi Development Act, 1957, with extracts of these acts as amended in 1984 / b  bVerma Publicationsc1991aDelhi bDelhiaChamber N0.83, Tis Hazari Courts e110054 alxxxiv,112p. c22cm(Hb) aMunicipal corporations -- India -- Delhi (Union Territory) -- Digests940360 aMunicipal corporations -- India -- Punjab -- Digests940361 2ddccENh345.456mVER c134296d134296 001040718REFaLbLd2015-07-29eCen Lib/Retg175.00l0o345.456 VERpA-459676r2015-07-29 00:00:00t1v175.00w2015-07-29yEN